Statistics for Super Smash Bros 4- Mario's Custom Special Moves

Click here to take the quiz!

General Stats

  • This quiz has been taken 13 times
  • The average score is 4 of 8

Answer Stats

Standard NameOfficial Name% Correct
Neutral Special 2Fast Fireball
82%
Up Special 2Super Jump
73%
Side Special 3Gust Cape
64%
Down Special 2Scalding F.L.U.D.D.
45%
Up Special 3Explosive Punch
36%
Neutral Special 3Fire Orb
36%
Down Special 3High-Pressure F.L.U.D.D.
36%
Side Special 2Shocking Cape
36%

Score Distribution

Percentile by Number Answered

Percent of People with Each Score

Your Score History

You have not taken this quiz